000
00302nam a22001457a 4500
008
221017b ||||| |||| 00| 0 eng d
020
_a
0153607009
041
_a
eng
080
_a
573
082
_a
573 JOV
100
_a
16.1
101
_a
BIO
245
_a
BIOLOGY
_c
JOVANOVICH H
942
_2
udc
_c
BK
999
_c
58591
_d
58591